Estatísticas para Acerte os vegetais e legumes que estão sem vogais

Clique aqui para jogar o quiz

Estatísticas Gerais

  • Esse quiz foi jogado 28 vezes
  • A pontuação média é 17 de 20

Estatísticas das Respostas

DICAVEGETAL% Correto
CBLCEBOLA
100%
CNRCENOURA
100%
RPLHREPOLHO
100%
PMNTPIMENTAO
96%
LFCALFACE
91%
LHALHO
91%
BRNJLBERINJELA
91%
BRCLSBROCOLIS
91%
CHCHCHUCHU
91%
PPNPEPINO
91%
TMTTOMATE
91%
BTTBATATA
87%
HRTLHORTELA
87%
QBQUIABO
83%
RCLRUCULA
83%
JLJILO
78%
VGMVAGEM
74%
CNTRCOENTRO
70%
BBRNHABOBRINHA
65%
GRAGRIAO
57%

Distribuição das Pontuações

Percentil de Números Respondidos

Porcentagem de Pessoas com Cada Pontuação

Sua Pontuação Histórica

Você não jogou esse quiz